| 000 | 00575nam a22002057a 4500 | ||
|---|---|---|---|
| 003 | BUBTL | ||
| 008 | 230113b ||||| |||| 00| 0 eng d | ||
| 020 | _a9780141186887 | ||
| 082 | _a823.3/ Ac45t/ 1958 | ||
| 100 |
_94920 _aAchebe, Chinua |
||
| 245 |
_aThings Fall Apart : _bChinua Achebe |
||
| 250 | _a1st Edn. | ||
| 260 |
_aEngland _bPenguin Books _cc1958 |
||
| 300 |
_a[xiii],151p. : _b19 cm. |
||
| 650 | 0 |
_91994 _aEnglish Literature |
|
| 700 |
_a Chinua Achebe _95166 |
||
| 856 |
_k0 _l0 _yDownload |
||
| 942 |
_2ddc _cBK |
||
| 999 |
_c6919 _d6919 |
||